000 01031nam1a2200301 4500
001 RU\NLR\BIBL_A\022518854
005 20250807185221.0
035 _a(NLR Aleph) 022518854
090 _a88114
_c88114
100 _a20250410d1945 m y0rusy50 ca
101 0 _atuk
102 _aTM
105 _ay z 000 y
181 0 _ai
_baxxe
182 0 _an
200 1 _aДүрс язув гөнүкмелериниң йыгындысы
_fТекәев Я. ве Хамзаев М.
203 _aТекст
_bвизуальный
_cнепосредственный
210 _aАшгабат
_cТүркмендөвлетнешир
_d1945
215 _d23
541 1 _6z01790
_aСборник упражнений по правописанию
_zrus
700 1 _aТекәев
_bЯ.
_4070
701 1 _aХамзаев
_bМ.
_4070
790 1 _aТекеев
_bЯ.
_4070
852 _aNLR
_bОНЛ
_jТурк./3-705
942 _cBOOK
945 _aРоссийская национальная библиотека
980 _aBV